000 00685cam a2200241 4500
001 M83898
008 090401t1997 xxu||||| |||| 00| 0 eng d
035 _a(Sirsi) u78283
041 _aeng
050 _a695.92
110 _aRoyal Institution of Chartered Surveyors
_94900
245 _aThatching do`s and don`t`s guide [2nd draft].
260 _aLondon
_bRICS
_c1997
300 _a6p. ; 30cm.
350 _a0
520 _aDraft guidance on thatching. For final version see M86922 1997/65.
650 _aABOUT RICS-RICS MEMBERS
650 _aTHATCHED ROOFS
650 _aTHATCHING
690 _aBUILT ENVIRONMENT-BUILDING MATERIALS
942 _n0
948 _c12/05/1997
999 _c96417
_d96417